000 00726nam a22002411 4500
001 2649150
003 OSt
005 20150408113745.0
008 710311s1968 nyu b 000 0 eng
010 _a 68027167
040 _aMU
_cMU
_dMB
050 0 0 _aP121
_b.L38 1968
082 0 0 _a410 L R L
100 1 _aLangacker, Ronald W.
_99147
245 1 0 _aLanguage and its structure; some fundamental linguistic concepts
_b[by] Ronald W. Langacker.
260 _aNew York,
_bHarcourt, Brace & World
_c[1968]
300 _aix, 260 p.
_c23 cm.
504 _aBibliography: p. 249-250.
650 0 _aLinguistics.
650 0 _aLanguage and languages.
906 _a7
_bcbc
_corignew
_du
_eocip
_f19
_gy-gencatlg
942 _2ddc
_cBOOK
999 _c3405
_d237905